| 000 | 01313nam0a2200337 4500 | ||
|---|---|---|---|
| 001 | RU\NLR\bibl\484052 | ||
| 005 | 20260405100611.0 | ||
| 010 |
_a5-86225-789-6 _bИНФРА-М |
||
| 010 |
_a5-7777-0031-4 _bВесь мир _96000 |
||
| 021 |
_aRU _b2003-67939 _93351 |
||
| 035 | _a(NLR Aleph) 000476792 | ||
| 090 |
_a1028368 _c1028368 |
||
| 100 | _a20040128d2003 |||y0rusy50 ca | ||
| 101 | 1 |
_arus _cfre |
|
| 102 | _aRU | ||
| 105 | _ay ||||||||| | ||
| 200 | 1 |
_aИстория Советского государства. 1900-1991 _e[Учеб.] _fН. Верт _gПер. с фр. [Н.В. Бунтман и др.] |
|
| 205 | _a2-е изд., испр. | ||
| 210 |
_aМ. _cИнфра-М _cВесь мир _d2003 |
||
| 215 |
_a542,[1] с. _d22 |
||
| 320 | _aБиблиогр.: с. 529-537 | ||
| 607 |
_aСССР _jРуководства, пособия и т.п. _xИстория _z1900 - 1991 _92105702 _3RU\NLR\auth\661273035 |
||
| 607 |
_aРоссия _jУчебные издания _xИстория _z1900 - 1991 _92105691 _3RU\NLR\auth\661273030 |
||
| 686 | _aТ3(2)52я7 | ||
| 686 | _aТ3(2)7я7 | ||
| 700 | 1 |
_4070 _8rus _7ca _aВерт _bН. _f1950- _gНикола _3RU\NLR\auth\7736748 _919737 |
|
| 801 | 0 |
_aRU _bNLR _c20040128 _gPSBO |
|
| 801 | 1 |
_aRU _bNLR _c20040128 |
|
| 942 | _cBOOK | ||
| 980 | _aNB | ||